The memory tap

Bibliographic Details
Main Author: Hildick, E.W
Format: Book
Published: London : Macmillan Children's Books , 1989
Series:Firefly
Subjects:

MARC

LEADER 00000cam a2200000 7i4500
001 0000009276
002 000010106
005 20000330.0
020 |a 033349279X 
090 0 0 |a JF   |b HIL 
100 1 |a Hildick, E.W 
245 1 4 |a The memory tap   |c E.W. Hildick 
260 |a London :   |b Macmillan Children's Books ,   |c 1989 
300 |a 245p. ;   |c 20cm. 
490 0 |a Firefly 
650 0 0 |a Young adult fiction 
999 |a 024688   |b BUKU   |c PINJAMAN   |e PERPUSTAKAAN KOMUNITI PETALING JAYA